Buddhism at Sarnath / (Record no. 89051)

MARC details
000 -LEADER
fixed length control field 00662nam a22002057a 4500
005 - DATE AND TIME OF LATEST TRANSACTION
control field 20141007104304.0
010 ## - LCCN (DPL NO)
LC control number ENG-110991
020 ## - INTERNATIONAL STANDARD BOOK NUMBER
International Standard Book Number 9789380607740
Terms of availability 795.00
035 ## - SYSTEM CONTROL NUMBER
System control number EN-94523
037 ## - SOURCE OF ACQUISITION
Source of stock number/acquisition DBAD/PUB
082 ## - DEWEY DECIMAL CLASSIFICATION NUMBER
Classification number 250
100 ## - MAIN ENTRY--PERSONAL NAME
Personal name Anand Singh
245 ## - TITLE STATEMENT
Title Buddhism at Sarnath /
Statement of responsibility, etc by Anand Singh
260 ## - PUBLICATION, DISTRIBUTION, ETC. (IMPRINT)
Place of publication, distribution, etc New Delhi
Name of publisher, distributor, etc Primus Books
Date of publication, distribution, etc 2014
270 ## - ADDRESS
Address Virat Bhavan, Mukherjee Nagar Commercial Complex
City New Delhi
Postal code 110009
300 ## - PHYSICAL DESCRIPTION
Extent x,186p. :
Dimensions 25cm(Hb)
Other physical details ill.
500 ## - GENERAL NOTE
General note Includes bibliographical references (p. [163]-171) and index.
650 ## - SUBJECT ADDED ENTRY--TOPICAL TERM
Topical term or geographic name as entry element Buddhism
Geographic subdivision India
-- Sārnāth
General subdivision History.
942 ## - ADDED ENTRY ELEMENTS (KOHA)
Source of classification or shelving scheme Dewey Decimal Classification
Item type English Books
Call number suffix ANA
Classification part 250
Holdings
Withdrawn status Lost status Not for loan Collection code Home library Current library Date acquired Source of acquisition Cost, normal purchase price Full call number Barcode Copy number Cost, replacement price Koha item type
    Not For Loan Non-fiction D.B.Act.Division D.B.Act.Division 30/09/2014 DBAD/PUB 795.00 250 ANA EN-94523 1 795.00 English Books

© Delhi Public Library
Hit Counter
free hit counter